[Event "FIN-chT1B 1819"]
[Site "Finland"]
[Date "2019.01.12"]
[Round "5.3"]
[White "Pietinen, Pekka"]
[Black "Laakso, Harri"]
[Result "1/2-1/2"]
[WhiteElo "2006"]
[BlackElo "2161"]
[PlyCount "74"]
[EventDate "2018.09.15"]
[EventType "team-tourn"]
[EventRounds "7"]
[EventCountry "FIN"]
[SourceTitle "EXT 2020"]
[Source "ChessBase"]
[SourceDate "2019.10.17"]
[SourceVersion "1"]
[SourceVersionDate "2019.10.17"]
[SourceQuality "1"]
[WhiteTeam "Helsinki KSK"]
[BlackTeam "Vantaa EtVaS II"]
[WhiteTeamCountry "FIN"]
[BlackTeamCountry "FIN"]

1. d4 Nf6 2. Bf4 d5 3. e3 Bf5 4. Bd3 Bxd3 5. cxd3 e6 6. Nf3 Bd6 7. Bxd6 Qxd6 8. 0-0 0-0 9. Nc3 c5 10. dxc5 Qxc5 11. Qb3 Nc6 12. Rac1 Qb4 13. Qxb4 Nxb4 14. Rfd1 Rfc8 15. Kf1 Kf8 16. Ke2 Ke7 17. Nd4 Nc6 18. Nxc6+ Rxc6 19. h3 Rac8 20. Kd2 Nd7 21. Na4 Kd6 22. Rc3 Rxc3 23. Nxc3 a6 24. Ne2 e5 25. Rc1 Rxc1 26. Nxc1 f6 27. Kc3 Nb8 28. Ne2 Nc6 29. b4 b6 30. a3 Ne7 31. Ng3 g6 32. Ne2 Kc6 33. Kb3 Nf5 34. g3 Nd6 35. Nc1 Nf5 36. Ne2 Nd6 37. Nc1 Nf5 1/2-1/2

[Event "FIN-chT1B 1819"]
[Site "Finland"]
[Date "2018.09.15"]
[Round "1.6"]
[White "Bjarnemark, Douglas"]
[Black "Pietinen, Pekka"]
[Result "0-1"]
[WhiteElo "2029"]
[BlackElo "2006"]
[PlyCount "62"]
[EventDate "2018.09.15"]
[EventType "team-tourn"]
[EventRounds "7"]
[EventCountry "FIN"]
[SourceTitle "EXT 2020"]
[Source "ChessBase"]
[SourceDate "2019.10.17"]
[SourceVersion "1"]
[SourceVersionDate "2019.10.17"]
[SourceQuality "1"]
[WhiteTeam "Kuopio KSY"]
[BlackTeam "Helsinki KSK"]
[WhiteTeamCountry "FIN"]
[BlackTeamCountry "FIN"]

1. e4 e6 2. d4 d5 3. exd5 exd5 4. Nf3 Nf6 5. Bg5 Be7 6. Bd3 Ne4 7. Qe2 Bxg5 8. Bxe4 dxe4 9. Qb5+ Bd7 10. Qxg5 exf3 11. Qxg7 Qe7+ 12. Kd2 Qf8 13. Qe5+ Kd8 14. Nc3 f6 15. Qf4 fxg2 16. Rhe1 h5 17. Re3 Rg8 18. Rg3 Rxg3 19. hxg3 Qd6 20. Qh4 c5 21. d5 Bg4 22. Re1 Nd7 23. Kc1 Qe5 24. Rg1 Kc7 25. Nb5+ Kb6 26. c4 Re8 27. Qh2 Bf3 28. Qh3 Qg5+ 29. Kc2 Re2+ 30. Kb3 Qd2 31. Qe6+ Rxe6 0-1

[Event "EU-chT Seniors 50"]
[Site "Walbrzych"]
[Date "2018.04.22"]
[Round "9.1"]
[White "Pietinen, Pekka"]
[Black "Grabuzova, Tatiana"]
[Result "0-1"]
[WhiteElo "1983"]
[BlackElo "2311"]
[PlyCount "43"]
[EventDate "2018.04.14"]
[EventType "team-swiss"]
[EventRounds "9"]
[EventCountry "POL"]
[SourceTitle "CBM 184 Extra"]
[Source "ChessBase"]
[SourceDate "2018.06.28"]
[SourceVersion "1"]
[SourceVersionDate "2018.06.28"]
[SourceQuality "1"]
[WhiteTeam "Finland Cone Guard 50"]
[BlackTeam "Russia (Women) 50"]
[WhiteTeamCountry "FIN"]
[BlackTeamCountry "RUS"]

1. d4 e6 2. Bf4 f5 3. Nf3 Nf6 4. e3 b6 5. Be2 Bb7 6. h3 g6 7. 0-0 Bg7 8. c4 0-0 9. Nc3 d6 10. a4 Ne4 11. Bh2 Nxc3 12. bxc3 Qe7 13. Nd2 e5 14. a5 Nd7 15. Nb3 a6 16. Bf3 e4 17. Be2 g5 18. Qd2 Bh6 19. c5 dxc5 20. Bxc7 b5 21. Nxc5 Nxc5 22. dxc5 0-1

[Event "EU-chT Seniors 50"]
[Site "Walbrzych"]
[Date "2018.04.14"]
[Round "1.1"]
[White "Lewis, Andrew P"]
[Black "Pietinen, Pekka"]
[Result "1-0"]
[WhiteElo "2279"]
[BlackElo "1983"]
[PlyCount "83"]
[EventDate "2018.04.14"]
[EventType "team-swiss"]
[EventRounds "9"]
[EventCountry "POL"]
[SourceTitle "CBM 184 Extra"]
[Source "ChessBase"]
[SourceDate "2018.06.28"]
[SourceVersion "1"]
[SourceVersionDate "2018.06.28"]
[SourceQuality "1"]
[WhiteTeam "England 50"]
[BlackTeam "Finland Cone Guard 50"]
[WhiteTeamCountry "ENG"]
[BlackTeamCountry "FIN"]

1. Nf3 g6 2. c4 Bg7 3. Nc3 d6 4. d4 Nf6 5. e4 Nbd7 6. Be2 c6 7. 0-0 e5 8. d5 c5 9. a3 0-0 10. Bg5 h6 11. Bh4 Nb8 12. Nd2 Qd7 13. b4 Na6 14. Rb1 Nh7 15. f3 f5 16. Bf2 b6 17. Bd3 f4 18. Bc2 Qe7 19. Ba4 Bd7 20. Bc6 Rad8 21. Bxd7 Qxd7 22. Qa4 Qxa4 23. Nxa4 Nf6 24. Nc3 Rf7 25. bxc5 dxc5 26. Nd1 Ne8 27. Nb2 Bf8 28. Nd3 Bd6 29. Rb3 Kg7 30. Nb1 Kf6 31. Nc3 Nec7 32. Rc1 g5 33. Nb5 Nxb5 34. cxb5 Nc7 35. Nb2 Ne8 36. Nc4 Bc7 37. Be1 Re7 38. a4 Nd6 39. Kf1 Rg8 40. a5 Reg7 41. Nxe5 Kxe5 42. Bc3# 1-0

[Event "Helsinki-ch Seniors 50"]
[Site "Helsinki"]
[Date "2018.01.02"]
[Round "4"]
[White "Pietinen, Pekka"]
[Black "Sjoman, Tapani"]
[Result "1/2-1/2"]
[WhiteElo "1992"]
[BlackElo "1956"]
[PlyCount "73"]
[EventDate "2017.12.29"]
[EventType "tourn"]
[EventRounds "7"]
[EventCountry "FIN"]
[SourceTitle "EXT 2019"]
[Source "ChessBase"]
[SourceDate "2018.10.10"]
[SourceVersion "1"]
[SourceVersionDate "2018.10.10"]
[SourceQuality "1"]

1. e4 e5 2. Nf3 Nc6 3. Bb5 Nge7 4. d4 exd4 5. 0-0 d6 6. Nxd4 Bd7 7. Be3 a6 8. Be2 Nxd4 9. Bxd4 Nc6 10. Nc3 Nxd4 11. Qxd4 c6 12. Kh1 Qc7 13. a4 a5 14. f4 0-0-0 15. Qa7 f5 16. Qa8+ Qb8 17. Qxa5 fxe4 18. Nxe4 Re8 19. Bd3 g6 20. Nf6 Re7 21. Nxd7 Kxd7 22. Rad1 Bg7 23. Qb4 Bf6 24. c4 Rhe8 25. Qd2 c5 26. a5 Bd4 27. Bc2 Re2 28. Qc1 b5 29. axb6 Qb7 30. Rf3 R8e3 31. Rdf1 Rxf3 32. gxf3 Qxb6 33. b3 Be3 34. Qb2 Bd4 35. Qc1 Be3 36. Qb2 Bd4 37. Qc1 1/2-1/2

[Event "FIN-chT1A 1718"]
[Site "Finland"]
[Date "2017.09.17"]
[Round "2.5"]
[White "Rantanen, Riku"]
[Black "Pietinen, Pekka"]
[Result "1-0"]
[WhiteElo "2071"]
[BlackElo "1986"]
[PlyCount "97"]
[EventDate "2017.09.16"]
[EventType "team-tourn"]
[EventRounds "7"]
[EventCountry "FIN"]
[SourceTitle "EXT 2020"]
[Source "ChessBase"]
[SourceDate "2019.10.17"]
[SourceVersion "1"]
[SourceVersionDate "2019.10.17"]
[SourceQuality "1"]
[WhiteTeam "Raahe Li"]
[BlackTeam "Helsinki KSK"]
[WhiteTeamCountry "FIN"]
[BlackTeamCountry "FIN"]

1. Nf3 Nf6 2. c4 c6 3. g3 g6 4. b3 Bg7 5. Bb2 0-0 6. Bg2 d5 7. 0-0 Qb6 8. Qc2 Bf5 9. d3 Na6 10. a3 Rfd8 11. Nbd2 dxc4 12. Nxc4 Qc7 13. e4 Bg4 14. d4 h6 15. b4 Qc8 16. Rfe1 Nc7 17. Nce5 Bh3 18. Bh1 Ng4 19. Nd3 Ne6 20. e5 h5 21. Rad1 Nh6 22. Nc5 Bg4 23. Qc4 Nc7 24. Bc1 b6 25. Nb3 Be6 26. Qc2 Bd5 27. Ng5 Ne6 28. Be3 Nf5 29. Nxe6 Qxe6 30. Bxd5 Qxd5 31. Bf4 e6 32. Rd2 Bf8 33. Rc1 Rac8 34. Qc4 Qd7 35. Rcd1 Qb7 36. Rd3 Rd5 37. Nd2 a5 38. Ne4 Bg7 39. Bg5 axb4 40. axb4 Kh8 41. h3 Nh6 42. Nd6 Rxd6 43. exd6 Nf5 44. Bf4 Qd7 45. Qa6 Rb8 46. Be5 Nxd6 47. Bxd6 Qxd6 48. b5 Bf6 49. Qa7 1-0

[Event "Pardubice Czech op-B 28th"]
[Site "Pardubice"]
[Date "2017.07.24"]
[Round "4"]
[White "Vyprachticky, David"]
[Black "Pietinen, Pekka"]
[Result "1-0"]
[WhiteElo "2264"]
[BlackElo "1985"]
[PlyCount "69"]
[EventDate "2017.07.21"]
[EventType "swiss"]
[EventRounds "9"]
[EventCountry "CZE"]
[SourceTitle "CBM 179 Extra"]
[Source "ChessBase"]
[SourceDate "2017.08.23"]
[SourceVersion "1"]
[SourceVersionDate "2017.08.23"]
[SourceQuality "1"]

1. Nf3 d5 2. d4 Nf6 3. c4 e6 4. g3 c5 5. cxd5 Nxd5 6. Bg2 Qa5+ 7. Nbd2 Nc6 8. dxc5 Bxc5 9. 0-0 Be7 10. e4 Nb6 11. Nb3 Qa4 12. Bd2 0-0 13. Bc3 Bb4 14. Bxb4 Qxb4 15. e5 Rd8 16. Qc2 Qc4 17. Rac1 Qxc2 18. Rxc2 Nd5 19. a3 Nce7 20. Na5 b6 21. Nc4 Ba6 22. Rfc1 Bxc4 23. Rxc4 Rac8 24. Nd4 Rxc4 25. Rxc4 Rc8 26. Rxc8+ Nxc8 27. Bxd5 exd5 28. f4 Kf8 29. Kf2 g6 30. Ke3 Ke7 31. g4 a6 32. f5 b5 33. Nc6+ Ke8 34. Kd4 Nb6 35. b3 1-0

[Event "FIN-chT1B 1617"]
[Site "Finland"]
[Date "2017.03.11"]
[Round "7.5"]
[White "Pietinen, Pekka"]
[Black "Tuominen, Joona"]
[Result "1-0"]
[WhiteElo "1984"]
[BlackElo "1895"]
[PlyCount "139"]
[EventDate "2016.09.17"]
[EventType "team-tourn"]
[EventRounds "7"]
[EventCountry "FIN"]
[SourceTitle "EXT 2019"]
[Source "ChessBase"]
[SourceDate "2018.10.10"]
[SourceVersion "1"]
[SourceVersionDate "2018.10.10"]
[SourceQuality "1"]
[WhiteTeam "Helsinki KSK"]
[BlackTeam "Lahti S"]
[WhiteTeamCountry "FIN"]
[BlackTeamCountry "FIN"]

1. d4 b6 2. c4 Bb7 3. Nc3 e6 4. Nf3 Nf6 5. Qc2 d5 6. e3 c5 7. cxd5 Nxd5 8. Bb5+ Nc6 9. 0-0 Be7 10. dxc5 bxc5 11. Ne5 Qc7 12. Nxd5 exd5 13. Qa4 Rc8 14. Qxa7 Qxe5 15. Qxb7 Qe6 16. Bxc6+ Rxc6 17. Qb8+ Bd8 18. Qg3 Bf6 19. Rb1 0-0 20. b3 Be5 21. f4 Bc3 22. Bb2 Bxb2 23. Rxb2 Re8 24. Re2 Qe4 25. Qf3 Rce6 26. Qxe4 Rxe4 27. Kf2 d4 28. Rfe1 g5 29. fxg5 Rg4 30. exd4 Rxe2+ 31. Rxe2 Rxd4 32. g3 Kg7 33. Rc2 Kg6 34. Ke3 Rd5 35. h4 Kf5 36. Rc4 Re5+ 37. Kf3 Rd5 38. Rf4+ Kg6 39. Rf6+ Kg7 40. Ra6 Rd3+ 41. Kg4 Rd4+ 42. Kh3 Rd3 43. Rc6 Rc3 44. Kg4 Rc2 45. h5 Rxa2 46. Rxc5 Ra6 47. b4 Rb6 48. b5 Rb8 49. h6+ Kf8 50. Kf5 Ke7 51. Ke5 Rb7 52. Kd5 Kd7 53. Kc4 Rb8 54. Rf5 Ke7 55. Kc5 Rc8+ 56. Kd5 Rd8+ 57. Kc6 Rd6+ 58. Kb7 Rd7+ 59. Ka6 Ke6 60. Rc5 Kd6 61. Rc8 Re7 62. b6 Re1 63. Rc7 Rf1 64. Ka7 Rf3 65. Kb8 Rxg3 66. Rxf7 Rxg5 67. b7 Kc6 68. Rf6+ Kd7 69. Ka7 Ke7 70. Ra6 1-0

[Event "FIN-chT1B 1617"]
[Site "Finland"]
[Date "2016.10.08"]
[Round "3.7"]
[White "Makinen, Ville"]
[Black "Pietinen, Pekka"]
[Result "1/2-1/2"]
[WhiteElo "1934"]
[BlackElo "1984"]
[PlyCount "171"]
[EventDate "2016.09.17"]
[EventType "team-tourn"]
[EventRounds "7"]
[EventCountry "FIN"]
[SourceTitle "EXT 2019"]
[Source "ChessBase"]
[SourceDate "2018.10.10"]
[SourceVersion "1"]
[SourceVersionDate "2018.10.10"]
[SourceQuality "1"]
[WhiteTeam "Helsinki HSK II"]
[BlackTeam "Helsinki KSK"]
[WhiteTeamCountry "FIN"]
[BlackTeamCountry "FIN"]

1. d4 Nf6 2. Nf3 e6 3. e3 b6 4. Bd3 Bb7 5. 0-0 d6 6. b3 Be7 7. Bb2 0-0 8. Nbd2 c5 9. Qe2 Nbd7 10. Rfd1 Qc7 11. c3 h6 12. Rac1 Rfe8 13. e4 d5 14. e5 Nh7 15. Ne1 f5 16. f4 Rec8 17. Nc2 cxd4 18. cxd4 Qd8 19. Na3 Rxc1 20. Rxc1 Rc8 21. Nb5 Rxc1+ 22. Bxc1 Ba6 23. Bb2 Bxb5 24. Bxb5 Nb8 25. g4 g6 26. gxf5 gxf5 27. Nf1 Kh8 28. Qh5 a6 29. Bd3 Qf8 30. Ng3 b5 31. Qg6 Qg8 32. Qxh6 Nd7 33. Qh5 Ndf8 34. Qe8 Ng6 35. Qxg8+ Kxg8 36. Bc1 Nhf8 37. Bd2 Bd8 38. Ne2 Bb6 39. Kf2 Nd7 40. Ke3 Nb8 41. Bb4 Nc6 42. Bc5 Bd8 43. a4 bxa4 44. bxa4 a5 45. Bb5 Nge7 46. Nc1 Kf7 47. Nb3 Bc7 48. Bd6 Bb6 49. Nc5 Nb4 50. Bd7 Nc2+ 51. Kd3 Ne1+ 52. Ke2 Ng2 53. Nxe6 Ng6 54. Kf2 N2xf4 55. Nxf4 Nxf4 56. Bxf5 Bxd4+ 57. Kf3 Ne6 58. h4 Nc5 59. Bc2 Nd7 60. Kf4 Nf8 61. Kf5 Ne6 62. h5 Ng7+ 63. Kg4 Be3 64. Bf5 Bh6 65. Bd7 Bc1 66. Bc7 Bd2 67. h6 Bxh6 68. Bxa5 Ke7 69. Bc8 Be3 70. Kf3 Bd4 71. Bc7 Ne8 72. Bb8 Bb6 73. Kf4 Nc7 74. Kf5 Kd8 75. Bb7 d4 76. Ke4 Kd7 77. a5 Bxa5 78. Kxd4 Bb6+ 79. Ke4 Ne6 80. Kf5 Nd8 81. Bd5 Bc5 82. Kf6 Be7+ 83. Kf5 Bc5 84. Kf6 Be7+ 85. Kf5 Bc5 86. Kf6 1/2-1/2

[Event "FIN-chT1B 1617"]
[Site "Finland"]
[Date "2016.09.17"]
[Round "1.5"]
[White "Toikkanen, Vesa"]
[Black "Pietinen, Pekka"]
[Result "1-0"]
[WhiteElo "2077"]
[BlackElo "1984"]
[PlyCount "75"]
[EventDate "2016.09.17"]
[EventType "team-tourn"]
[EventRounds "7"]
[EventCountry "FIN"]
[SourceTitle "EXT 2019"]
[Source "ChessBase"]
[SourceDate "2018.10.10"]
[SourceVersion "1"]
[SourceVersionDate "2018.10.10"]
[SourceQuality "1"]
[WhiteTeam "Espoo MatSK II"]
[BlackTeam "Helsinki KSK"]
[WhiteTeamCountry "FIN"]
[BlackTeamCountry "FIN"]

1. d4 Nf6 2. c4 g6 3. Nc3 d5 4. Nf3 Bg7 5. Qb3 c6 6. Bg5 e6 7. e4 dxe4 8. Nxe4 Qa5+ 9. Bd2 Qc7 10. Nxf6+ Bxf6 11. 0-0-0 b5 12. cxb5 cxb5+ 13. Kb1 a6 14. Rc1 Qd8 15. Bb4 Bb7 16. h4 Be4+ 17. Ka1 Nc6 18. Bc5 h5 19. Be2 Qa5 20. Qe3 Bd5 21. a3 Be7 22. Ne5 Bxc5 23. Nxc6 Bxc6 24. Rxc5 Bd7 25. Rhc1 Qd8 26. d5 Qxh4 27. Qc3 0-0 28. g3 Qe7 29. d6 Qd8 30. Bxh5 Rc8 31. Bf3 Qb6 32. Rh1 f6 33. Rxc8 Bxc8 34. Qd3 Kg7 35. Qd2 Rg8 36. d7 Bb7 37. Bxb7 Qxb7 38. Qh6+ 1-0

[Event "FIN-chT1B 1516"]
[Site "Finland"]
[Date "2015.10.10"]
[Round "3.5"]
[White "Salimaki, Janne"]
[Black "Pietinen, Pekka"]
[Result "1-0"]
[WhiteElo "2105"]
[BlackElo "1992"]
[PlyCount "101"]
[EventDate "2015.09.12"]
[EventType "team-tourn"]
[EventRounds "8"]
[EventCountry "FIN"]
[SourceTitle "EXT 2017"]
[Source "ChessBase"]
[SourceDate "2016.10.25"]
[SourceVersion "1"]
[SourceVersionDate "2016.10.25"]
[SourceQuality "1"]
[WhiteTeam "Espoo MatSK II"]
[BlackTeam "Helsinki KSK"]
[WhiteTeamCountry "FIN"]
[BlackTeamCountry "FIN"]

1. Nf3 Nf6 2. d4 g6 3. c4 d5 4. cxd5 Bg7 5. Qa4+ Qd7 6. Qxd7+ Bxd7 7. Nc3 c6 8. e4 0-0 9. Be2 Bg4 10. h3 Bc8 11. Be3 Rd8 12. dxc6 Nxc6 13. 0-0 e6 14. Rac1 b6 15. e5 Ne8 16. Bg5 f6 17. exf6 Bxf6 18. Bxf6 Nxf6 19. Rfd1 Ne7 20. Ng5 h6 21. Bf3 Rb8 22. Nge4 Kf7 23. Nxf6 Kxf6 24. Ne4+ Kf7 25. Rc7 a6 26. Nc3 Rd7 27. Rxd7 Bxd7 28. d5 exd5 29. Nxd5 Be6 30. Nc7 Bxa2 31. Nxa6 Rc8 32. Nb4 Bb3 33. Rd6 b5 34. Nd3 Kg7 35. Be4 Bf7 36. Rd7 Kf8 37. Rb7 Be8 38. f3 Rc2 39. Rb8 Nf5 40. Nf4 Rc1+ 41. Kf2 Ke7 42. Nd5+ Kf7 43. Rb7+ Kf8 44. Nf6 Nd6 45. Nh7+ Kg8 46. Nf6+ Kf8 47. Rb8 Ke7 48. Nxe8 Nxe4+ 49. fxe4 Rc2+ 50. Kf3 Rxb2 51. Nc7 1-0

[Event "Savonlinna We SavSK"]
[Site "Savonlinna"]
[Date "2015.09.06"]
[Round "4"]
[White "Hallman, Valo"]
[Black "Pietinen, Pekka"]
[Result "1/2-1/2"]
[WhiteElo "2054"]
[BlackElo "1995"]
[PlyCount "45"]
[EventDate "2015.09.05"]
[EventType "swiss"]
[EventRounds "5"]
[EventCountry "FIN"]
[SourceTitle "EXT 2022"]
[Source "ChessBase"]
[SourceDate "2021.10.06"]
[SourceVersion "1"]
[SourceVersionDate "2021.10.06"]
[SourceQuality "1"]

1. d4 Nf6 2. Nf3 g6 3. g3 Bg7 4. Bg2 0-0 5. 0-0 d6 6. b3 c6 7. Bb2 Qc7 8. c4 Nbd7 9. Nc3 e5 10. e3 Re8 11. Rc1 Nf8 12. c5 exd4 13. cxd6 Qxd6 14. Nxd4 Bg4 15. Qc2 Ne6 16. Nxe6 Qxe6 17. Ne2 Rad8 18. Nd4 Qc8 19. b4 a6 20. a4 Bh3 21. Rfd1 Bxg2 22. Kxg2 Qg4 23. Ba1 1/2-1/2

[Event "Savonlinna We SavSK"]
[Site "Savonlinna"]
[Date "2015.09.06"]
[Round "5"]
[White "Pietinen, Pekka"]
[Black "Sergeev, Alexey B"]
[Result "0-1"]
[WhiteElo "1995"]
[BlackElo "2018"]
[PlyCount "58"]
[EventDate "2015.09.05"]
[EventType "swiss"]
[EventRounds "5"]
[EventCountry "FIN"]
[SourceTitle "EXT 2022"]
[Source "ChessBase"]
[SourceDate "2021.10.06"]
[SourceVersion "1"]
[SourceVersionDate "2021.10.06"]
[SourceQuality "1"]

1. e4 c5 2. Nf3 Nc6 3. Bb5 Nd4 4. Nxd4 cxd4 5. c4 g6 6. 0-0 Nf6 7. d3 Qc7 8. Nd2 Bg7 9. f4 0-0 10. Nf3 Nh5 11. g3 d6 12. Kg2 e5 13. f5 a6 14. Ba4 gxf5 15. exf5 b5 16. Ng5 Bb7+ 17. Kf2 Nf6 18. cxb5 h6 19. bxa6 Rxa6 20. Nf3 e4 21. dxe4 Ng4+ 22. Kg2 Bxe4 23. Bb5 Rb6 24. Bd3 Rxb2+ 25. Kh3 Bxf3 26. Qxf3 Rxh2+ 27. Kxg4 h5+ 28. Kg5 f6+ 29. Kf4 d5# 0-1

[Event "Savonlinna We SavSK"]
[Site "Savonlinna"]
[Date "2015.09.05"]
[Round "3"]
[White "Pietinen, Pekka"]
[Black "Karppinen, Martti"]
[Result "1-0"]
[WhiteElo "1995"]
[BlackElo "1913"]
[PlyCount "85"]
[EventDate "2015.09.05"]
[EventType "swiss"]
[EventRounds "5"]
[EventCountry "FIN"]
[SourceTitle "EXT 2022"]
[Source "ChessBase"]
[SourceDate "2021.10.06"]
[SourceVersion "1"]
[SourceVersionDate "2021.10.06"]
[SourceQuality "1"]

1. e4 c5 2. Nf3 Nc6 3. Bb5 a6 4. Bxc6 dxc6 5. d3 Bg4 6. Be3 Qb6 7. b3 g6 8. Nbd2 Bg7 9. Rb1 Bd4 10. h3 Bxf3 11. Qxf3 h5 12. a4 Nf6 13. Nc4 Qd8 14. a5 Bc3+ 15. Bd2 Bxd2+ 16. Kxd2 Qd4 17. Rhc1 Rd8 18. Ke2 Nd7 19. Qe3 0-0 20. g4 Qxe3+ 21. Kxe3 hxg4 22. hxg4 Kg7 23. Rh1 Rh8 24. f4 Rh7 25. Rxh7+ Kxh7 26. g5 Kg7 27. Rh1 Rh8 28. Rxh8 Kxh8 29. f5 Kg7 30. Kf4 f6 31. e5 fxg5+ 32. Kxg5 gxf5 33. Kxf5 Kf8 34. Nd2 Ke8 35. Ne4 Kd8 36. e6 Nf8 37. Nxc5 Kc7 38. d4 Nh7 39. Kg6 Nf6 40. Kf7 b6 41. axb6+ Kxb6 42. Nd7+ Kc7 43. Nxf6 1-0

[Event "Pori We PSY"]
[Site "Pori"]
[Date "2014.10.11"]
[Round "2"]
[White "Pietinen, Pekka"]
[Black "Topi Hulmi, Teemu"]
[Result "1/2-1/2"]
[WhiteElo "2024"]
[BlackElo "2253"]
[PlyCount "36"]
[EventDate "2014.10.11"]
[EventType "swiss"]
[EventRounds "5"]
[EventCountry "FIN"]
[SourceTitle "EXT 2022"]
[Source "ChessBase"]
[SourceDate "2021.10.06"]
[SourceVersion "1"]
[SourceVersionDate "2021.10.06"]
[SourceQuality "1"]

1. e4 c5 2. Nf3 Nc6 3. Bb5 e6 4. Bxc6 bxc6 5. d3 Ne7 6. 0-0 Ng6 7. e5 Be7 8. b3 0-0 9. Nbd2 f6 10. Bb2 fxe5 11. Nxe5 Nxe5 12. Bxe5 d6 13. Bg3 Bf6 14. Rb1 e5 15. Ne4 Bf5 16. Nxf6+ Qxf6 17. Qf3 Rac8 18. Rbe1 Qg6 1/2-1/2

[Event "FIN-chT1B 1415"]
[Site "Finland"]
[Date "2014.09.27"]
[Round "1.4"]
[White "Pietinen, Pekka"]
[Black "Taylor, Daryl"]
[Result "1-0"]
[WhiteElo "2000"]
[BlackElo "2031"]
[PlyCount "91"]
[EventDate "2014.09.27"]
[EventType "team-tourn"]
[EventRounds "7"]
[EventCountry "FIN"]
[SourceTitle "EXT 2017"]
[Source "ChessBase"]
[SourceDate "2016.10.25"]
[SourceVersion "1"]
[SourceVersionDate "2016.10.25"]
[SourceQuality "1"]
[WhiteTeam "Helsinki KSK"]
[BlackTeam "Vantaa EtVaS II"]
[WhiteTeamCountry "FIN"]
[BlackTeamCountry "FIN"]

1. e4 d6 2. d4 Nf6 3. f3 d5 4. e5 Nfd7 5. Bd3 e6 6. f4 c5 7. Nf3 Nc6 8. c3 Qb6 9. Be2 a6 10. a3 a5 11. 0-0 Be7 12. Rf2 a4 13. Bf1 Ra7 14. Be3 0-0 15. Rc2 f6 16. Bf2 Na5 17. Nbd2 fxe5 18. fxe5 Qc6 19. Bh4 Bxh4 20. Nxh4 b5 21. Qh5 Nb6 22. Bd3 g6 23. Qh6 Nbc4 24. Bxg6 cxd4 25. cxd4 Qb6 26. Ndf3 Nxe5 27. Bxh7+ Rxh7 28. Qg5+ Rg7 29. Qxe5 Nc4 30. Qe2 e5 31. Rxc4 dxc4 32. Qxe5 Bb7 33. Ng5 Qf6 34. Ngf3 Bxf3 35. Nxf3 Qg6 36. Qe2 Qg4 37. Kh1 Qh5 38. Re1 Kh8 39. Qe4 Qf7 40. h3 Rfg8 41. Qh4+ Rh7 42. Qe4 Rhg7 43. Re2 Qf8 44. Qe5 b4 45. Nh4 bxa3 46. Ng6+ 1-0

[Event "EU-ch Seniors 50 14th"]
[Site "Porto"]
[Date "2014.03.15"]
[Round "7"]
[White "Maryasin, Boris Feliksovich"]
[Black "Pietinen, Pekka"]
[Result "1-0"]
[WhiteElo "2330"]
[BlackElo "1975"]
[PlyCount "75"]
[EventDate "2014.03.09"]
[EventType "swiss"]
[EventRounds "9"]
[EventCountry "POR"]
[SourceTitle "CBM 159 Extra"]
[Source "ChessBase"]
[SourceDate "2014.04.24"]
[SourceVersion "1"]
[SourceVersionDate "2014.04.24"]
[SourceQuality "1"]

1. e4 e6 2. d4 d5 3. e5 c5 4. c3 Nc6 5. Nf3 Bd7 6. a3 Qc7 7. Bd3 f6 8. Bf4 0-0-0 9. 0-0 fxe5 10. Nxe5 Bd6 11. Nxc6 Qxc6 12. Bxd6 Qxd6 13. b4 cxd4 14. cxd4 Nf6 15. Nd2 e5 16. Nb3 exd4 17. Nxd4 Ng4 18. g3 h5 19. Bf5 Kb8 20. Bxd7 Qxd7 21. Re1 Nf6 22. Qf3 Ne4 23. Qf5 Qd6 24. Qe6 Qf8 25. f3 Qf6 26. Qxf6 Nxf6 27. Re7 Rd7 28. Rxd7 Nxd7 29. Re1 g5 30. Re7 Kc8 31. Rg7 g4 32. fxg4 hxg4 33. Rxg4 Ne5 34. Rg7 Nc4 35. a4 Re8 36. h4 Re4 37. Nf3 Nd6 38. h5 1-0